书目信息 |
| 题名: |
广播电视概论
|
|
| 作者: | 吴玉玲 主编 | |
| 分册: | ||
| 出版信息: | 北京 中国传媒大学出版社 2007.10 |
|
| 页数: | 310页 | |
| 开本: | 23cm | |
| 丛书名: | ||
| 单 册: | ||
| 中图分类: | G220 | |
| 科图分类: | ||
| 主题词: | 广播电视--guang bo dian shi--概论 | |
| 电子资源: | ||
| ISBN: | 978-7-81085-986-8 | |
| 000 | 00958nam0 2200265 450 | |
| 001 | 012008163490 | |
| 005 | 20080626150338.51 | |
| 010 | @a978-7-81085-986-8@dCNY36.00 | |
| 100 | @a20080626d2007 em y0chi0120 ea | |
| 101 | 0 | @achi |
| 102 | @aCN@b110000 | |
| 105 | @aak a 000yy | |
| 106 | @ar | |
| 200 | 1 | @a广播电视概论@Aguang bo dian shi gai lun@d= An introduction to broadcasting@f吴玉玲主编@Fwu yu ling zhu bian@zeng |
| 210 | @a北京@c中国传媒大学出版社@d2007.10 | |
| 215 | @a310页@c图@d23cm | |
| 300 | @a21世纪新闻传播学基础教材 | |
| 320 | @a有书目 (第308-309页) | |
| 330 | @a本书全面梳理了广播电视业从诞生到今天的发展历程,把握住广播电视传播特性的演变、属性的扬抑和功能的拓展,展现了当今技术和行业变革的深刻意义。 | |
| 510 | 1 | @aIntroduction to broadcasting@zeng |
| 606 | 0 | @a广播电视@Aguang bo dian shi@x概论 |
| 690 | @aG220@v4 | |
| 701 | 0 | @a吴玉玲@Awu yu ling@4主编 |
| 801 | 0 | @aCN@bQSSK@c20080626 |
| 905 | @b729976-78@dG220@eW913@f3 | |
| 广播电视概论= An introduction to broadcasting/吴玉玲主编.-北京:中国传媒大学出版社,2007.10 |
| 310页:图;23cm |
| 21世纪新闻传播学基础教材 |
| ISBN 978-7-81085-986-8:CNY36.00 |
| 本书全面梳理了广播电视业从诞生到今天的发展历程,把握住广播电视传播特性的演变、属性的扬抑和功能的拓展,展现了当今技术和行业变革的深刻意义。 |
| ● |
| 相关链接 |
|
|
|
正题名:广播电视概论
索取号:G220/W913
 
预约/预借
| 序号 | 登录号 | 条形码 | 馆藏地/架位号 | 状态 | 备注 |
| 1 | 729976 | 207299760 | 社科库409/409社科库 58排1列2层/ [索取号:G220/W913] | 在馆 | |
| 2 | 729977 | 207299779 | 社科库409/409社科库 58排1列2层/ [索取号:G220/W913] | 在馆 | |
| 3 | 729978 | 207299788 | 社科库409/409社科库 58排1列2层/ [索取号:G220/W913] | 在馆 |